[Event "European Rapid 2021"]
[Site "Katowice POL"]
[Date "2021.12.18"]
[Round "1.1"]
[White "Motylev, Alexander"]
[Black "Klementys, Jerzy"]
[Result "1-0"]
[WhiteTitle "GM"]
[WhiteElo "2633"]
[BlackElo "1564"]
[WhiteFideId "4121830"]
[BlackFideId "1116061"]
[EventDate "2021.12.18"]

1. e4 c5 2. Nc3 Nc6 3. Bb5 Nd4 4. Bc4 e6 5. Nf3 Nxf3+ 6. Qxf3 d6 7. O-O Nf6 8.
Rd1 a6 9. d4 cxd4 10. Rxd4 Qc7 11. Bb3 Be7 12. Qg3 e5 13. Qxg7 Rf8 14. Nd5 Nxd5
15. Rxd5 Be6 16. Rd3 Bxb3 17. Rxb3 Qxc2 18. Qg4 Qc6 19. Bh6 b5 20. Bxf8 Bxf8 21.
Rc3 Qb6 22. Rac1 Rd8 23. Rc8 Qb7 24. R1c7 Rxc8 25. Qd7# 1-0

[Event "European Rapid 2021"]
[Site "Katowice POL"]
[Date "2021.12.18"]
[Round "1.2"]
[White "Budkiewicz, Magdalena"]
[Black "Demchenko, Anton"]
[Result "0-1"]
[BlackTitle "GM"]
[WhiteElo "1929"]
[BlackElo "2654"]
[WhiteFideId "1194917"]
[BlackFideId "4160258"]
[EventDate "2021.12.18"]

1. e4 c5 2. Nf3 d6 3. d4 cxd4 4. Nxd4 Nf6 5. Nc3 Nc6 6. Be2 e5 7. Nf3 h6 8. O-O
Be7 9. h3 O-O 10. Re1 Be6 11. Bf1 Rc8 12. Nd5 Nb8 13. c4 Nbd7 14. b3 Nc5 15. Bd3
Nxd5 16. cxd5 Nxd3 17. Qxd3 Bd7 18. Be3 f5 19. exf5 Bxf5 20. Qd1 Qe8 21. Rc1
Rxc1 22. Bxc1 Qg6 23. Kh1 Be4 24. Re3 Bxf3 25. Rxf3 Rxf3 26. Qxf3 Qb1 27. Qc3
Bg5 28. Qc8+ Kh7 29. Kh2 Bxc1 0-1

[Event "European Rapid 2021"]
[Site "Katowice POL"]
[Date "2021.12.18"]
[Round "1.3"]
[White "Kovalenko, Igor"]
[Black "Zielinski, Konrad"]
[Result "1-0"]
[WhiteTitle "GM"]
[WhiteElo "2668"]
[BlackElo "1691"]
[WhiteFideId "14117908"]
[BlackFideId "1164945"]
[EventDate "2021.12.18"]

1. e4 e5 2. Nf3 Nc6 3. Bb5 a6 4. Bxc6 dxc6 5. O-O Bd6 6. d4 Bg4 7. dxe5 Bxf3 8.
Qxf3 Bxe5 9. Nd2 Qh4 10. g3 Qf6 11. Qxf6 Nxf6 12. Nc4 Bd4 13. c3 Bc5 14. Kg2 h6
15. Bf4 O-O-O 16. Rae1 g5 17. Be5 Be7 18. Ne3 Rhe8 19. Nf5 Ng4 20. Bg7 Bf6 21.
h3 Bxg7 22. Nxg7 Rg8 23. Nf5 Ne5 24. Ne7+ Kb8 25. Nxg8 Rxg8 26. Rd1 1-0

[Event "European Rapid 2021"]
[Site "Katowice POL"]
[Date "2021.12.18"]
[Round "1.4"]
[White "Hasterok, Lukasz"]
[Black "Balog, Imre"]
[Result "0-1"]
[BlackTitle "GM"]
[WhiteElo "1619"]
[BlackElo "2577"]
[WhiteFideId "21822344"]
[BlackFideId "728446"]
[EventDate "2021.12.18"]

1. d4 Nf6 2. Nf3 g6 3. Bf4 Bg7 4. h3 O-O 5. e3 d6 6. c3 b6 7. Nbd2 Bb7 8. Bc4
Nbd7 9. O-O e6 10. Re1 Qe7 11. Bg3 e5 12. dxe5 dxe5 13. Qc2 a6 14. a4 e4 15. Nd4
Ne5 16. Bf1 Rad8 17. Rad1 c5 18. Ne2 Nd3 19. Nc4 Qe6 20. b3 Nxe1 21. Rxe1 Nd5
22. Nf4 Nxf4 23. Bxf4 Rd7 24. Rd1 Rxd1 25. Qxd1 Bxc3 26. Nd6 Bd5 27. Bxa6 Bxb3
28. Qb1 Bg7 29. Bc8 Qd5 30. Bb7 Qd1+ 31. Qxd1 Bxd1 32. Bc6 Bc2 33. Nxe4 Rd8 34.
Bc7 Rc8 35. Bxb6 Rxc6 36. a5 Bxe4 0-1

[Event "European Rapid 2021"]
[Site "Katowice POL"]
[Date "2021.12.18"]
[Round "1.5"]
[White "Bernadskiy, Vitaliy"]
[Black "Mirowska, Oliwia"]
[Result "1-0"]
[WhiteTitle "GM"]
[WhiteElo "2599"]
[BlackElo "1738"]
[WhiteFideId "14100371"]
[BlackFideId "21807574"]
[EventDate "2021.12.18"]

1. e4 c6 2. d4 g6 3. Nf3 Bg7 4. Bd3 d5 5. e5 f6 6. O-O f5 7. c4 e6 8. cxd5 cxd5
9. Nc3 a6 10. h4 h6 11. Be3 Bd7 12. Qd2 Nc6 13. Rac1 Bf8 14. g3 Be7 15. Kg2 Qc7
16. Bf4 O-O-O 17. Nxd5 exd5 18. e6 Bd6 19. Bxd6 Qxd6 20. exd7+ Rxd7 21. Ne5 Rc7
22. Nxc6 bxc6 23. Bxa6+ Kd8 24. Rfe1 Nf6 25. Qa5 Ne4 26. Bd3 g5 27. hxg5 Nxg5
28. Bxf5 Qf6 29. Qa8+ 1-0

[Event "European Rapid 2021"]
[Site "Katowice POL"]
[Date "2021.12.18"]
[Round "1.6"]
[White "Panczuk, Grzegorz"]
[Black "Andersen, Mads"]
[Result "0-1"]
[BlackTitle "GM"]
[WhiteElo "1697"]
[BlackElo "2574"]
[WhiteFideId "21813272"]
[BlackFideId "1413864"]
[EventDate "2021.12.18"]

1. d4 Nf6 2. Bg5 d5 3. Bxf6 exf6 4. e3 c5 5. c3 Nc6 6. Bd3 Be6 7. Nd2 Rc8 8.
Ngf3 Be7 9. O-O O-O 10. dxc5 Bxc5 11. Nd4 g6 12. N2f3 Qd6 13. Qc2 Bd7 14. Nxc6
bxc6 15. Rad1 Bb6 16. Ba6 Rb8 17. e4 Bc7 18. exd5 cxd5 19. Be2 Bg4 20. g3 Rfe8
21. Nd4 Bd7 22. Bf3 Re5 23. Rfe1 Rbe8 24. Qd2 Bb6 25. Nc2 Rf5 26. Rxe8+ Bxe8 27.
Bxd5 Bxf2+ 28. Kh1 Rxd5 0-1

[Event "European Rapid 2021"]
[Site "Katowice POL"]
[Date "2021.12.18"]
[Round "1.7"]
[White "Laurusas, Tomas"]
[Black "Bochniak, Franciszek"]
[Result "1-0"]
[WhiteTitle "GM"]
[WhiteElo "2557"]
[BlackElo "1651"]
[WhiteFideId "12803731"]
[BlackFideId "21894469"]
[EventDate "2021.12.18"]

1. c4 e6 2. Nc3 b6 3. e4 Bb7 4. Nf3 Nf6 5. e5 Ne4 6. Nxe4 Bxe4 7. Be2 c5 8. O-O
d6 9. d4 dxe5 10. Nxe5 Qc7 11. Bf3 Bb7 12. Qa4+ Kd8 13. Bxb7 Qxb7 14. Rd1 f6 15.
dxc5+ Ke7 16. Nd3 Kf7 17. Be3 bxc5 18. Bxc5 Qc6 19. Qa5 Nd7 20. Bxf8 Rhxf8 21.
Nb4 Qb7 22. c5 Ne5 23. Rac1 Rac8 24. h3 a6 25. Rd6 Qb5 26. Qxb5 axb5 27. b3 Rfd8
28. Rxd8 Rxd8 29. f4 Rd4 30. fxe5 Rxb4 31. c6 1-0

[Event "European Rapid 2021"]
[Site "Katowice POL"]
[Date "2021.12.18"]
[Round "1.8"]
[White "Dziendziel, Mateusz"]
[Black "Fridman, Daniel"]
[Result "0-1"]
[BlackTitle "GM"]
[WhiteElo "1819"]
[BlackElo "2626"]
[WhiteFideId "21840946"]
[BlackFideId "11600454"]
[EventDate "2021.12.18"]

1. e4 c6 2. d4 d5 3. e5 c5 4. dxc5 Nc6 5. f4 Qa5+ 6. c3 Qxc5 7. Nf3 Bg4 8. b4
Bxf3 9. Qxf3 Nxb4 10. Na3 Nc6 11. Rb1 a6 12. Rxb7 e6 13. Nc2 Nh6 14. Be2 Qa5 15.
O-O Bc5+ 16. Be3 Qxc3 17. Rc1 Ng4 18. Nd4 Nxd4 19. Rxc3 Nxf3+ 20. Bxf3 Bxe3+ 21.
Kh1 Nf2+ 22. Kg1 Nd1+ 23. Rxe3 Nxe3 0-1

[Event "European Rapid 2021"]
[Site "Katowice POL"]
[Date "2021.12.18"]
[Round "1.9"]
[White "Pultinevicius, Paulius"]
[Black "Bogusz, Alan"]
[Result "1-0"]
[WhiteTitle "GM"]
[WhiteElo "2546"]
[BlackElo "1731"]
[WhiteFideId "12809390"]
[BlackFideId "21810060"]
[EventDate "2021.12.18"]

1. c4 c5 2. Nf3 Nc6 3. Nc3 d6 4. e3 Nf6 5. d4 cxd4 6. exd4 a6 7. d5 Nb8 8. h3 g6
9. Be3 Nbd7 10. Be2 Bg7 11. O-O O-O 12. Rc1 b6 13. Nd4 Bb7 14. b4 Rc8 15. Qb3
Re8 16. Rfd1 Qc7 17. a4 Qb8 18. Qa2 Qa8 19. Bf1 Kh8 20. a5 bxa5 21. Qxa5 e6 22.
dxe6 fxe6 23. c5 dxc5 24. bxc5 Rxc5 25. Qa2 Nd5 26. Nxd5 Bxd5 27. Qd2 Rxc1 28.
Rxc1 Rc8 29. Re1 e5 30. Bh6 Bf6 31. Nc2 Be6 32. Ne3 Qc6 33. Ra1 Nc5 34. Rc1 Qd7
35. Qa5 Nb3 36. Rxc8+ Qxc8 37. Qb6 Nc5 38. Bc4 Bxc4 39. Qxf6+ 1-0

[Event "European Rapid 2021"]
[Site "Katowice POL"]
[Date "2021.12.18"]
[Round "1.11"]
[White "Durarbayli, Vasif"]
[Black "Korcz, Daniel"]
[Result "1-0"]
[WhiteTitle "GM"]
[WhiteElo "2615"]
[BlackElo "1791"]
[WhiteFideId "13402935"]
[BlackFideId "1171240"]
[EventDate "2021.12.18"]

1. e4 e5 2. Nc3 Nc6 3. f4 exf4 4. d4 Qh4+ 5. Ke2 d6 6. Nf3 Bg4 7. Bxf4 Bxf3+ 8.
Kxf3 O-O-O 9. Bb5 Nge7 10. Bg3 Qf6+ 11. Ke3 Qg6 12. Rf1 f5 13. Bxc6 bxc6 14. Qf3
fxe4 15. Qxe4 Qg5+ 16. Kd3 d5 17. Qe6+ Kb8 18. Rf7 h5 19. Rg1 Rh6 20. Qe5 Qg6+
21. Kd2 Qxf7 22. Qxc7+ Ka8 23. Qxd8+ Kb7 24. Qd7+ Ka8 25. Re1 1-0

[Event "European Rapid 2021"]
[Site "Katowice POL"]
[Date "2021.12.18"]
[Round "1.12"]
[White "Dobosiewicz, Dawid"]
[Black "Klekowski, Maciej"]
[Result "0-1"]
[BlackTitle "GM"]
[WhiteElo "1707"]
[BlackElo "2479"]
[WhiteFideId "21001448"]
[BlackFideId "1132717"]
[EventDate "2021.12.18"]

1. e4 c5 2. Nc3 Nc6 3. f4 g6 4. Nf3 Bg7 5. Bb5 Nd4 6. O-O e6 7. e5 a6 8. Bd3 d5
9. Nxd4 cxd4 10. Ne2 Ne7 11. b3 Nc6 12. Bb2 f6 13. exf6 Qxf6 14. f5 gxf5 15. Nf4
O-O 16. Rf3 Bh6 17. Nh5 Qf7 18. Rg3+ Kh8 19. Qe2 e5 20. Rf1 Bd7 21. c4 f4 22.
cxd5 Qxd5 23. Ba3 fxg3 24. Bxf8 Rxf8 25. Rxf8+ Bxf8 26. Nf6 Qf7 27. Qe4 gxh2+
28. Kh1 Be6 29. Nxh7 Be7 30. Qe1 Qf4 31. Be4 Bf5 32. Bxf5 Qxf5 0-1

[Event "European Rapid 2021"]
[Site "Katowice POL"]
[Date "2021.12.18"]
[Round "1.13"]
[White "Tazbir, Marcin"]
[Black "Biegalski, Arkadiusz"]
[Result "1-0"]
[WhiteTitle "GM"]
[WhiteElo "2508"]
[BlackElo "1722"]
[WhiteFideId "1122452"]
[BlackFideId "1176960"]
[EventDate "2021.12.18"]

1. e4 c5 2. Nf3 Nc6 3. b3 e6 4. Bb2 d5 5. exd5 exd5 6. Be2 Nf6 7. O-O Be6 8. d4
cxd4 9. Nxd4 Bc5 10. Nxe6 fxe6 11. Bg4 e5 12. c4 d4 13. Nd2 O-O 14. Bf3 Re8 15.
Re1 Bb4 16. Bxc6 bxc6 17. a3 Bxd2 18. Qxd2 c5 19. b4 Qd6 20. f4 cxb4 21. fxe5
Rxe5 22. Rxe5 Qxe5 23. Bxd4 Qe6 24. Qxb4 a5 25. Qb6 Qxc4 26. Bxf6 gxf6 27. Qxf6
Qc5+ 28. Kh1 Rf8 29. Qe6+ Kg7 30. h3 Qc3 31. Rd1 Qf6 32. Qd5 Qf5 33. Qd4+ Qf6
34. Qa7+ Rf7 35. Qxa5 h6 36. Qc5 Qa6 37. Qd4+ Kg8 38. Qg4+ Kh7 39. Qe4+ Kg8 40.
Rd8+ Kg7 41. Qg4+ Kf6 42. Qf4+ Kg7 43. Qg3+ Qg6 44. Rg8+ 1-0

[Event "European Rapid 2021"]
[Site "Katowice POL"]
[Date "2021.12.18"]
[Round "1.14"]
[White "Adamczyk, Zuzanna"]
[Black "Stefansson, Hannes"]
[Result "0-1"]
[WhiteTitle "WCM"]
[BlackTitle "GM"]
[WhiteElo "2047"]
[BlackElo "2518"]
[WhiteFideId "1187570"]
[BlackFideId "2300087"]
[EventDate "2021.12.18"]

1. d4 Nf6 2. c4 e6 3. g3 c5 4. d5 exd5 5. cxd5 d6 6. Nc3 g6 7. Bg2 Bg7 8. Nf3
O-O 9. O-O Re8 10. Bf4 Bf5 11. Re1 Ne4 12. Nxe4 Bxe4 13. Qb3 Qb6 14. Nd2 Qxb3
15. axb3 Bxg2 16. Kxg2 Bxb2 17. Ra2 Be5 18. Nc4 Na6 19. e4 Nb4 20. Rae2 Nd3 21.
Rd1 Nxf4+ 22. gxf4 Bxf4 23. Ra1 Be5 24. Nxe5 Rxe5 25. f4 Ree8 26. e5 a6 27. Kf3
Rad8 28. Rd1 Re7 29. Rdd2 a5 30. exd6 Rxe2 31. Rxe2 Rxd6 32. Re8+ Kg7 33. Ke4
Ra6 34. Rb8 Rb6 35. d6 Rxd6 36. Rxb7 a4 37. Ke5 Ra6 38. bxa4 Rxa4 39. Rc7 Ra2
40. h4 Re2+ 41. Kd5 Rh2 42. Rxc5 Rxh4 43. Ke5 Rh1 44. Rc7 Re1+ 45. Kd4 h5 46. f5
gxf5 47. Rc5 Kg6 48. Rc8 h4 0-1

[Event "European Rapid 2021"]
[Site "Katowice POL"]
[Date "2021.12.18"]
[Round "1.15"]
[White "Sumets, Andrey"]
[Black "Gajewski, Patryk"]
[Result "1-0"]
[WhiteTitle "GM"]
[WhiteElo "2524"]
[BlackElo "1861"]
[WhiteFideId "14105500"]
[BlackFideId "1135520"]
[EventDate "2021.12.18"]

1. e4 e5 2. Nf3 Nc6 3. Bb5 f5 4. d3 fxe4 5. dxe4 Nf6 6. O-O Bc5 7. Qd3 d6 8. Qc4
a5 9. Nxe5 dxe5 10. Qxc5 Qd6 11. Qxd6 cxd6 12. Nd2 Be6 13. c3 O-O 14. f3 Nh5 15.
Bc4 Rae8 16. a4 Nf4 17. Rd1 Rf6 18. Bxe6+ Nxe6 19. Nc4 Nc5 20. Be3 Rd8 21. Bg5 1-0

[Event "European Rapid 2021"]
[Site "Katowice POL"]
[Date "2021.12.18"]
[Round "1.16"]
[White "Herwy, Jakub"]
[Black "Schneider, Ilja"]
[Result "1/2-1/2"]
[BlackTitle "IM"]
[WhiteElo "1951"]
[BlackElo "2479"]
[WhiteFideId "21852855"]
[BlackFideId "4663306"]
[EventDate "2021.12.18"]

1. e4 c6 2. Nc3 d5 3. Nf3 dxe4 4. Nxe4 Nf6 5. Nxf6+ exf6 6. d4 Bd6 7. c3 O-O 8.
Be2 Qc7 9. O-O Be6 10. Qc2 Nd7 11. Be3 Rfe8 12. Bd3 g6 13. h4 c5 14. h5 c4 15.
Be2 Nb6 16. Nd2 Bh2+ 17. Kh1 Bf4 18. Ne4 Nd5 19. Bxf4 Qxf4 20. Bxc4 Nxc3 21.
Qxc3 Qxe4 22. Bxe6 Rxe6 23. hxg6 hxg6 24. Rae1 Qh4+ 25. Kg1 Rc6 26. Qb3 Rb6 27.
Qc3 Kg7 28. Re3 Rd8 29. Rd1 Rh8 30. Rh3 Qg4 31. Rdd3 Rxh3 32. Rxh3 Rc6 33. Qd2
g5 34. d5 Rd6 35. Qd3 f5 36. Qc3+ Rf6 37. Rd3 Qa4 38. d6 Qd7 39. Qe5 Kg6 40. Rd5
g4 41. b3 a6 42. a4 Kg7 43. Qd4 Kg6 44. Qd3 Kg7 45. Qd4 Kg6 46. Qe5 Kg7 47. b4
Kg6 48. b5 axb5 49. axb5 Kg7 50. Qd4 Kg6 51. g3 Re6 52. Qc3 Rxd6 53. Rxd6+ Qxd6
54. Qc8 Qd1+ 55. Kh2 Qd4 56. Qxb7 Qxf2+ 57. Qg2 Qd4 58. Qe2 Kh5 59. Qc2 Kg5 60.
Qe2 Qc5 61. Qd2+ Kg6 62. Qb2 Qb6 63. Qe2 Kf6 64. Kg2 Qb7+ 65. Kh2 Qb6 66. Kg2
Qd4 67. Kh2 Kg5 68. Qe7+ Kg6 69. Qe2 Kh5 70. Qc2 Kg6 71. Qe2 Kf6 72. Qc2 f4 73.
gxf4 Qxf4+ 74. Kg2 Qf3+ 75. Kg1 Qg3+ 76. Kh1 Qh3+ 77. Kg1 Qe3+ 78. Kh1 Kg5 79.
Qb2 Qe1+ 80. Kg2 Qe4+ 81. Kg1 f5 82. b6 Qe1+ 83. Kg2 f4 84. Qg7+ 1/2-1/2

[Event "European Rapid 2021"]
[Site "Katowice POL"]
[Date "2021.12.18"]
[Round "1.17"]
[White "Vetoshko, Volodymyr"]
[Black "Tribushnaya, Olga"]
[Result "1-0"]
[WhiteTitle "GM"]
[WhiteElo "2501"]
[BlackElo "1685"]
[WhiteFideId "14122480"]
[BlackFideId "14123045"]
[EventDate "2021.12.18"]

1. e4 d5 2. exd5 Qxd5 3. Nc3 Qa5 4. d4 Nf6 5. Bc4 Bf5 6. Ne2 e6 7. O-O c6 8. Ng3
Bb4 9. Bd2 Bg6 10. a3 Bxc3 11. Bxc3 Qc7 12. f4 O-O 13. f5 exf5 14. Nxf5 Nd5 15.
Bd2 Bxf5 16. Rxf5 Ne7 17. Rxf7 Rxf7 18. Bxf7+ Kxf7 19. Qh5+ Ng6 20. Qxh7 Nd7 21.
Rf1+ Nf6 22. Bg5 1-0

[Event "European Rapid 2021"]
[Site "Katowice POL"]
[Date "2021.12.18"]
[Round "1.18"]
[White "Przepiora, Anna"]
[Black "Janik, Igor"]
[Result "0-1"]
[BlackTitle "IM"]
[WhiteElo "1722"]
[BlackElo "2525"]
[WhiteFideId "21803846"]
[BlackFideId "1159259"]
[EventDate "2021.12.18"]

1. e4 c6 2. d4 d5 3. Nc3 a6 4. Nf3 Bg4 5. Be2 e6 6. O-O Nf6 7. Bg5 Be7 8. e5
Nfd7 9. Bxe7 Qxe7 10. Re1 c5 11. h3 Bxf3 12. Bxf3 cxd4 13. Qxd4 Nc6 14. Qf4 O-O
15. Rad1 Qb4 16. Qxb4 Nxb4 17. a3 Nc6 18. Bg4 Ndxe5 19. Be2 Rfd8 20. f4 Nc4 21.
Kf2 b5 22. Rb1 Kf8 23. Red1 Ke7 24. Bf3 Rd6 25. Na2 Rad8 26. Nc1 h6 27. Nd3 Nd4
28. Ne1 Nc6 29. Nd3 Rc8 30. c3 g5 31. g4 gxf4 32. Nxf4 N6e5 33. Be2 Ng6 34. Nd3
Nce5 35. Ne1 Nf4 36. Bf1 Nc4 37. Kg3 Ng6 38. Kf2 Rh8 39. Nf3 h5 40. g5 h4 41. a4
bxa4 42. Bxc4 dxc4 43. Rxd6 Kxd6 44. Rd1+ Ke7 45. Rd4 Rb8 46. Rxc4 Rxb2+ 47. Kg1
a3 48. Ra4 a2 49. Ne1 Rb1 50. Rxa2 Rxe1+ 51. Kf2 Re5 52. Rxa6 Rxg5 0-1

[Event "European Rapid 2021"]
[Site "Katowice POL"]
[Date "2021.12.18"]
[Round "1.19"]
[White "Gumularz, Szymon"]
[Black "Gazda, Dominik"]
[Result "1-0"]
[WhiteTitle "GM"]
[WhiteElo "2539"]
[BlackElo "1762"]
[WhiteFideId "1188062"]
[BlackFideId "21802033"]
[EventDate "2021.12.18"]

1. e4 e5 2. Nf3 Nc6 3. Bc4 Nf6 4. d3 Bc5 5. O-O O-O 6. h3 h6 7. Re1 d6 8. c3 a6
9. Bb3 Be6 10. Bc2 Re8 11. d4 exd4 12. cxd4 Bb4 13. Nc3 d5 14. e5 Ne4 15. Bxe4
dxe4 16. Rxe4 Ne7 17. Bd2 Nf5 18. d5 Bxc3 19. dxe6 Bxd2 20. exf7+ Kxf7 21. Qb3+
Kg6 22. Rd1 Kh7 23. Rxd2 Qe7 24. Rf4 Rf8 25. Qxb7 Qc5 26. Rxf5 Rxf5 27. Qxa8
Qc1+ 28. Kh2 Rxf3 29. Qe4+ 1-0

[Event "European Rapid 2021"]
[Site "Katowice POL"]
[Date "2021.12.18"]
[Round "1.20"]
[White "Furtak, Joanna"]
[Black "Krasenkow, Michal"]
[Result "0-1"]
[WhiteTitle "WCM"]
[BlackTitle "GM"]
[WhiteElo "1877"]
[BlackElo "2576"]
[WhiteFideId "21804842"]
[BlackFideId "1113100"]
[EventDate "2021.12.18"]

1. e4 d6 2. d4 Nf6 3. Nc3 c6 4. f4 Qa5 5. Bd3 e5 6. Nf3 Bg4 7. dxe5 dxe5 8. h3
Bxf3 9. Qxf3 Nbd7 10. f5 O-O-O 11. Bd2 Nc5 12. O-O-O Nxd3+ 13. cxd3 Nd7 14. Kc2
Nc5 15. Be3 Be7 16. Qf2 Rd7 17. d4 Na4 18. Nxa4 Qxa4+ 19. Kb1 exd4 20. Rxd4 Rxd4
21. Bxd4 Rd8 22. Be3 Qxe4+ 23. Ka1 Bh4 24. Qf4 Qxg2 25. Rc1 Bf6 26. Rb1 Rd1 27.
Qb4 Qc2 28. Qf8+ Bd8 0-1

[Event "European Rapid 2021"]
[Site "Katowice POL"]
[Date "2021.12.18"]
[Round "1.22"]
[White "Matei, Adrian"]
[Black "Brodowski, Piotr"]
[Result "0-1"]
[BlackTitle "IM"]
[WhiteElo "1792"]
[BlackElo "2443"]
[WhiteFideId "1213814"]
[BlackFideId "1124480"]
[EventDate "2021.12.18"]

1. e4 c5 2. Nf3 Nc6 3. d4 cxd4 4. Nxd4 Nf6 5. Nc3 e5 6. Ndb5 d6 7. Bg5 a6 8. Na3
b5 9. Nd5 Be7 10. Bxf6 Bxf6 11. c3 O-O 12. Nc2 Rb8 13. Nce3 Bg5 14. Bd3 Be6 15.
O-O g6 16. f4 exf4 17. Nxf4 Ne5 18. Ned5 Qd7 19. Bc2 Qa7+ 20. Kh1 a5 21. Qe1 h5
22. Qg3 Bg4 23. h4 Bd8 24. Nd3 Nc4 25. Nf6+ Bxf6 26. Rxf6 Qe7 27. Rf2 Rbc8 28.
Re1 Ne5 29. Nf4 Be6 30. Nxe6 fxe6 31. Rxf8+ Rxf8 32. a4 bxa4 33. Bxa4 Qb7 34. b3
Ng4 35. Kg1 Qb6+ 36. Kh1 Nf2+ 37. Kh2 Ng4+ 38. Kh1 Qc7 39. c4 Qe7 40. Bc6 Qf6
41. Rb1 Qf1+ 0-1

[Event "European Rapid 2021"]
[Site "Katowice POL"]
[Date "2021.12.18"]
[Round "1.23"]
[White "Dragnev, Valentin"]
[Black "Kotula, Pawel"]
[Result "1-0"]
[WhiteTitle "GM"]
[WhiteElo "2535"]
[BlackElo "1833"]
[WhiteFideId "1634852"]
[BlackFideId "21840598"]
[EventDate "2021.12.18"]

1. e4 c5 2. Nf3 e6 3. d4 cxd4 4. Nxd4 Nf6 5. Nc3 Nc6 6. g3 d5 7. exd5 Nxd5 8.
Bg2 Bb4 9. Nxc6 bxc6 10. O-O O-O 11. Qg4 a5 12. Rd1 Qe7 13. Na4 Ba6 14. c4 Nf6
15. Qe2 Rac8 16. Bf4 Nd5 17. Bc1 Rfd8 18. Qc2 Nf6 19. Be3 Ng4 20. Bb6 Rxd1+ 21.
Rxd1 h6 22. c5 Bb5 23. a3 Bxa4 24. Qxa4 Bxc5 25. Bxc5 Qxc5 26. Qxg4 1-0

[Event "European Rapid 2021"]
[Site "Katowice POL"]
[Date "2021.12.18"]
[Round "1.25"]
[White "Diermair, Andreas"]
[Black "Blasiak, Miroslaw"]
[Result "1-0"]
[WhiteTitle "GM"]
[WhiteElo "2490"]
[BlackElo "1709"]
[WhiteFideId "1612468"]
[BlackFideId "1109324"]
[EventDate "2021.12.18"]

1. d4 d5 2. c4 e6 3. Nf3 Nf6 4. g3 Bb4+ 5. Bd2 Be7 6. Bg2 O-O 7. O-O Nbd7 8. Qc2
c5 9. cxd5 Nxd5 10. Rd1 Qb6 11. Nc3 cxd4 12. Nxd5 exd5 13. Bf4 Nf6 14. Be5 Bg4
15. Bxd4 Qa6 16. h3 Bh5 17. Nh4 Rac8 18. Qd2 Ne4 19. Bxe4 dxe4 20. Nf5 Bf6 21.
Bxf6 Qxf6 22. Nd6 Rcd8 23. Nxe4 Qe7 24. Qe3 h6 25. g4 Bg6 26. Ng3 Qxe3 27. fxe3
Rfe8 28. Kf2 a6 29. Rd4 Rc8 30. Rd2 Re7 31. Rad1 Rcc7 32. Rd8+ Kh7 33. h4 Bc2
34. R1d4 g6 35. b3 Bb1 36. Rd2 Be4 37. Rb8 Bc6 38. Rdd8 Kg7 39. g5 hxg5 40. hxg5
f5 41. Rg8+ Kf7 42. Rbf8+ Ke6 43. Rxg6+ Kd7 44. Nxf5 Rh7 45. Rd6# 1-0

[Event "European Rapid 2021"]
[Site "Katowice POL"]
[Date "2021.12.18"]
[Round "1.26"]
[White "Krzyzosiak, Marta"]
[Black "Gretarsson, Helgi Ass"]
[Result "0-1"]
[BlackTitle "GM"]
[WhiteElo "1532"]
[BlackElo "2469"]
[WhiteFideId "21820449"]
[BlackFideId "2300699"]
[EventDate "2021.12.18"]

1. Nf3 g6 2. g3 d5 3. Bg2 Bg7 4. d3 c5 5. O-O Nc6 6. c3 Nf6 7. a4 O-O 8. Nbd2 e5
9. e4 h6 10. Qc2 Re8 11. Re1 b6 12. Rb1 Be6 13. b4 cxb4 14. cxb4 Rc8 15. Qb2 Nd7
16. Nf1 a5 17. bxa5 bxa5 18. Qe2 Nc5 19. exd5 Bxd5 20. Ne3 Be6 21. Rd1 Nxa4 22.
Bd2 Nd4 23. Nxd4 exd4 24. Nf1 Ba2 25. Qf3 Bxb1 26. Rxb1 Nc3 27. Rb7 Rc7 28. Rxc7
Qxc7 29. Bf4 Qd7 30. Qc6 Qxc6 31. Bxc6 Ne2+ 32. Kg2 Nxf4+ 33. gxf4 Rc8 34. Bb5
Rb8 35. Bc4 a4 36. Nd2 Rb2 37. Ne4 a3 38. Nd6 Kf8 39. Nxf7 Ke7 40. Kf3 a2 41.
Bxa2 Rxa2 42. Ne5 Bxe5 43. fxe5 Ke6 0-1

[Event "European Rapid 2021"]
[Site "Katowice POL"]
[Date "2021.12.18"]
[Round "1.27"]
[White "Kjartansson, Gudmundur"]
[Black "Obrochta, Lena"]
[Result "1-0"]
[WhiteTitle "GM"]
[WhiteElo "2460"]
[BlackElo "1660"]
[WhiteFideId "2301318"]
[BlackFideId "21836477"]
[EventDate "2021.12.18"]

1. c4 e5 2. d3 Nf6 3. Nf3 Nc6 4. a3 d5 5. cxd5 Nxd5 6. e3 Be7 7. Be2 O-O 8. O-O
Be6 9. b4 f6 10. Bb2 Nb6 11. Nbd2 a5 12. b5 Na7 13. d4 exd4 14. Nxd4 Bf7 15. Rc1
Bd6 16. Bd3 Kh8 17. Ne4 Be5 18. Nc5 Qd5 19. Qc2 Bxd4 20. Bxd4 Qg5 21. f4 Qg4 22.
Rf3 Qc8 23. Bxh7 Nxb5 24. Bf5 Qb8 25. Rh3+ Kg8 26. Bh7+ Kh8 27. Bg8+ 1-0

[Event "European Rapid 2021"]
[Site "Katowice POL"]
[Date "2021.12.18"]
[Round "1.28"]
[White "Skrzypczynski, Kacper"]
[Black "Wiewiora, Eneasz"]
[Result "0-1"]
[BlackTitle "FM"]
[WhiteElo "1700"]
[BlackElo "2333"]
[WhiteFideId "21837406"]
[BlackFideId "1140396"]
[EventDate "2021.12.18"]

1. d4 Nf6 2. Bg5 Ne4 3. h4 c5 4. d5 Qb6 5. Nd2 Nxd2 6. Bxd2 d6 7. e4 Nd7 8. Bc3
Nf6 9. f3 e5 10. g3 Bd7 11. a4 Be7 12. Bh3 O-O 13. Qd2 c4 14. Ne2 Bxh3 15. Rxh3
Rac8 16. Bb4 Nd7 17. O-O-O Qa6 18. Nc3 Nc5 19. Bxc5 Rxc5 20. Qe3 Bd8 21. f4 Re8
22. f5 Ba5 23. f6 Bd8 24. fxg7 b5 25. Nxb5 c3 26. bxc3 Qxa4 27. Nxd6 Qa3+ 28.
Kd2 Rxc3 29. Qf2 Rxc2+ 30. Kxc2 Qa2+ 31. Kc1 Qxf2 32. Nxe8 Qe3+ 33. Rd2 Ba5 34.
Rh2 Qa3+ 35. Rb2 Bc3 36. Kb1 Bxb2 37. Rxb2 Qd3+ 38. Ka2 Qc4+ 39. Ka3 Qc8 40.
Nf6+ Kxg7 41. Nh5+ Kg6 42. g4 Qxg4 43. d6 Kxh5 44. Rd2 Qxe4 45. Kb2 Qb4+ 46. Kc2
Qa4+ 47. Kc3 Qc6+ 48. Kb3 Qd7 49. Kc4 Kxh4 50. Kc5 e4 51. Rh2+ Kg3 0-1